[Event "AUTO-MASTER-466"]
[Site "http://www.queenalice.com/game.php?id=426007"]
[Date "2008.7.1"]
[Round "2"]
[White "mateuserafa"]
[Black "toninho89"]
[Result "0-1"]
[WhiteElo "2172"]
[BlackElo "2422"]

1. e4 c5 2. Nf3 d6 3. d4 cxd4 4. Nxd4 Nf6 5. Nc3 a6 6. Bg5 e6 7. Qd2 Be7 8. Bd3
O-O 9. O-O-O Nc6 10. Nb3 b5 11. f4 b4 12. Ne2 Qb6 13. h3 a5 0-1

[Event "AUTO-MASTER-466"]
[Site "http://www.queenalice.com/game.php?id=426008"]
[Date "2008.7.1"]
[Round "2"]
[White "toninho89"]
[Black "mateuserafa"]
[Result "1-0"]
[WhiteElo "2425"]
[BlackElo "2168"]

1. e4 e5 2. Nf3 Nc6 3. Bb5 d6 4. d4 Bd7 5. O-O exd4 6. Nxd4 Nxd4 7. Bxd7+ Qxd7
8. Qxd4 Nf6 9. Nc3 Be7 10. Bg5 O-O 11. e5 Ne8 12. Bf4 c5 13. Qd3 Rd8 14. Rad1 f6
15. exd6 1-0

[Event "AUTO-MASTER-445"]
[Site "http://www.queenalice.com/game.php?id=439089"]
[Date "2008.7.26"]
[Round "2"]
[White "gipmachado"]
[Black "mateuserafa"]
[Result "0-1"]
[WhiteElo "1956"]
[BlackElo "1945"]

1. e4 c5 2. Nf3 d6 3. d4 cxd4 4. Nxd4 e5 5. Nf3 Nf6 6. Nc3 a6 7. Be2 Be7 8. O-O
Be6 9. Bg5 h6 10. Bxf6 Bxf6 11. Nd5 Bxd5 12. exd5 O-O 13. Nd2 Nd7 14. Ne4 Be7
15. c4 b6 16. b4 f5 17. Nc3 Rc8 0-1

[Event "AUTO-MASTER-445"]
[Site "http://www.queenalice.com/game.php?id=439090"]
[Date "2008.7.26"]
[Round "2"]
[White "mateuserafa"]
[Black "gipmachado"]
[Result "1-0"]
[WhiteElo "1961"]
[BlackElo "1940"]

1. e4 e5 2. Nf3 Nc6 3. d4 exd4 4. Nxd4 Bc5 5. Be3 Qf6 6. c3 Nge7 7. f3 d5 8. Bb5
dxe4 9. O-O O-O 10. fxe4 Qg6 11. Nd2 a6 12. Ba4 b5 13. Bc2 Bg4 14. Qe1 Rad8 15.
N2b3 Bb6 16. Qh4 Nxd4 17. cxd4 Be2 18. Rf2 Bc4 19. Qxe7 1-0

[Event "AUTO-ELITE-203"]
[Site "http://www.queenalice.com/game.php?id=440627"]
[Date "2008.7.29"]
[Round "1"]
[White "sergiogvh"]
[Black "mateuserafa"]
[Result "1-0"]
[WhiteElo "2388"]
[BlackElo "1867"]

1. e4 c5 2. d4 cxd4 3. c3 dxc3 4. Nxc3 e6 5. Nf3 a6 6. Bc4 b5 7. Bb3 Bc5 8. O-O
Bb7 9. Qe2 Ne7 10. Rd1 O-O 11. Bg5 h6 12. Bh4 Qb6 13. Ne5 Ng6 14. Nxg6 fxg6 15.
Bg3 Kh7 16. Rd2 Nc6 17. Qg4 Nd4 18. Bd1 Rf7 19. a3 Nb3 20. Bxb3 Raf8 21. Rf1 1-0

[Event "AUTO-ELITE-203"]
[Site "http://www.queenalice.com/game.php?id=440628"]
[Date "2008.7.29"]
[Round "1"]
[White "mateuserafa"]
[Black "sergiogvh"]
[Result "0-1"]
[WhiteElo "1865"]
[BlackElo "2389"]

1. e4 e6 2. Nf3 d5 3. e5 c5 4. b4 cxb4 5. a3 bxa3 6. Bxa3 Bxa3 7. Nxa3 a6 8. Nb5
Nc6 9. Nd6+ Kf8 10. d4 Qc7 11. Bd3 f6 12. Qe2 Nxd4 13. Qd2 Nxf3+ 14. gxf3 fxe5
15. Nxc8 Rxc8 16. O-O Nh6 17. Qg5 Nf7 18. Qg4 Qe7 19. h4 h5 20. Qg3 g5 21. Kh2
gxh4 22. Qg6 Rg8 0-1

[Event "AUTO-MASTER-464"]
[Site "http://www.queenalice.com/game.php?id=462220"]
[Date "2008.9.12"]
[Round "2"]
[White "toninho89"]
[Black "mateuserafa"]
[Result "1-0"]
[WhiteElo "2304"]
[BlackElo "1863"]

1. d4 Nf6 2. c4 c5 3. d5 b5 4. cxb5 a6 5. bxa6 Bxa6 6. Nc3 d6 7. e4 Bxf1 8. Kxf1
g6 9. g3 Bg7 10. Kg2 O-O 11. Nf3 Nbd7 12. Re1 Ng4 13. h3 Nge5 14. Nxe5 Nxe5 15.
f4 Nd7 16. Qc2 e5 17. Rf1 exf4 18. Bxf4 Ne5 19. a4 Qd7 20. Bg5 f6 21. Bd2 Rf7
22. Rab1 Raf8 23. b4 cxb4 24. Nb5 f5 25. exf5 Rxf5 26. Rxf5 1-0

[Event "AUTO-ADV-1148"]
[Site "http://www.queenalice.com/game.php?id=509381"]
[Date "2008.12.18"]
[Round "1"]
[White "Paulsains"]
[Black "mateuserafa"]
[Result "1-0"]
[WhiteElo "1855"]
[BlackElo "1976"]

1. e4 c5 2. Nf3 d6 3. Bc4 e6 4. O-O Be7 5. d3 h6 6. Nc3 Nf6 7. Be3 O-O 8. d4 b6
9. d5 e5 10. h3 a6 11. a4 Bb7 12. Qd2 Nh7 13. Ne2 f5 14. exf5 Rxf5 15. Ng3 1-0

[Event "AUTO-ADV-1148"]
[Site "http://www.queenalice.com/game.php?id=509382"]
[Date "2008.12.18"]
[Round "1"]
[White "mateuserafa"]
[Black "Paulsains"]
[Result "0-1"]
[WhiteElo "1955"]
[BlackElo "1876"]

1. e4 e5 2. Nf3 d6 3. d4 exd4 4. Nxd4 Nf6 5. Nc3 Be7 6. Bc4 O-O 7. O-O Bg4 8.
Qd3 Nbd7 9. h3 Bh5 10. f4 Nc5 11. Qe3 a6 12. Nf5 Re8 13. Ng3 g6 14. Nd5 Nxd5 15.
Bxd5 c6 0-1

[Event "AUTO-ADV-1148"]
[Site "http://www.queenalice.com/game.php?id=509397"]
[Date "2008.12.18"]
[Round "1"]
[White "Tonto"]
[Black "mateuserafa"]
[Result "1-0"]
[WhiteElo "1786"]
[BlackElo "1907"]

1. e4 c5 2. Nc3 e5 3. Nf3 d6 4. Bc4 Be6 5. Qe2 Nf6 6. d3 Be7 7. Ng5 Bxc4 8. dxc4
O-O 9. Nd5 Nxd5 10. cxd5 Bxg5 11. Bd2 Bxd2+ 12. Qxd2 1-0

[Event "AUTO-ADV-1148"]
[Site "http://www.queenalice.com/game.php?id=509398"]
[Date "2008.12.18"]
[Round "1"]
[White "mateuserafa"]
[Black "Tonto"]
[Result "0-1"]
[WhiteElo "1886"]
[BlackElo "1807"]

1. e4 e5 2. Nf3 d6 3. Bc4 h6 4. O-O Nf6 5. Nc3 c6 6. d4 Be7 7. dxe5 dxe5 8.
Qxd8+ Bxd8 9. Nxe5 O-O 10. Be3 Be6 11. Bxe6 fxe6 0-1

[Event "AUTO-ADV-1148"]
[Site "http://www.queenalice.com/game.php?id=509407"]
[Date "2008.12.18"]
[Round "1"]
[White "neijrodrigues"]
[Black "mateuserafa"]
[Result "1-0"]
[WhiteElo "1974"]
[BlackElo "1921"]

1. Nf3 Nf6 2. g3 d5 3. Bg2 Nc6 4. c4 d4 5. d3 e5 6. O-O h6 7. a3 Be7 8. b4 O-O
9. b5 Na5 10. Nxe5 b6 11. Bxa8 1-0

[Event "AUTO-ADV-1148"]
[Site "http://www.queenalice.com/game.php?id=509408"]
[Date "2008.12.18"]
[Round "1"]
[White "mateuserafa"]
[Black "neijrodrigues"]
[Result "0-1"]
[WhiteElo "1936"]
[BlackElo "1959"]

1. e4 d5 2. e5 Bf5 3. g4 Be4 4. f3 Bg6 5. h4 h5 6. e6 fxe6 7. d4 Qd6 8. Be3 Nd7
9. Bd3 Bxd3 10. Qxd3 O-O-O 0-1